Opiniones sobre la coeducación / (Record no. 29733)
[ view plain ]
| 000 -LEADER | |
|---|---|
| campo de control de longitud fija | 00508nam a2200181 i 4500 |
| 001 - NÚMERO DE CONTROL | |
| campo de control | 29733 |
| 003 - IDENTIFICADOR DE NÚMERO DE CONTROL | |
| campo de control | ES-MaACL |
| 005 - FECHA Y HORA DE LA ÚLTIMA TRANSACCIÓN | |
| campo de control | 20230906154059.0 |
| 007 - CAMPO FIJO DE DESCRIPCIÓN FÍSICA--INFORMACIÓN GENERAL | |
| campo de control de longitud fija | t| |
| 008 - DATOS DE LONGITUD FIJA--INFORMACIÓN GENERAL | |
| campo de control de longitud fija | 030122s1972 sp ||||1| spa d |
| 100 1# - ENTRADA PRINCIPAL--NOMBRE DE PERSONA | |
| Nombre de persona | Balletbó, Anna. |
| 9 (RLIN) | 25071 |
| 245 10 - MENCIÓN DEL TÍTULO | |
| Título | Opiniones sobre la coeducación / |
| Mención de responsabilidad, etc. | Anna Balletó. |
| 250 ## - MENCION DE EDICION | |
| Mención de edición | 1ª ed. |
| 260 ## - PUBLICACIÓN, DISTRIBUCIÓN, ETC. | |
| Lugar de publicación, distribución, etc. | Barcelona : |
| Nombre del editor, distribuidor, etc. | Instituto Genus, |
| Fecha de publicación, distribución, etc. | [1972] ( |
| Fabricante | Socitra) |
| 300 ## - DESCRIPCIÓN FÍSICA | |
| Extensión | 35 p. ; |
| Dimensiones | 20 cm. |
| 710 2# - ENTRADA AGREGADA--NOMBRE DE ENTIDAD CORPORATIVA | |
| Nombre de entidad corporativa o nombre de jurisdicción como elemento de entrada | Instituto Genus. |
| 9 (RLIN) | 5070 |
| 852 ## - LOCALIZACIÓN | |
| Ubicación | ES-MaACL |
| Número de control de estantería | 2083-F-27 |
| Sublocalización o colección | R.82423 |
| Estatus retirado | Estado de pérdida | Estado de daño | No para préstamo | Colección | Biblioteca de origen | Biblioteca actual | Ubicación en estantería | Fecha de adquisición | Fuente de adquisición | Total de préstamos | Signatura topográfica completa | Código de barras | Visto por última vez | Precio de reemplazo | Tipo de ítem Koha |
|---|---|---|---|---|---|---|---|---|---|---|---|---|---|---|---|
| Colección de folletos | Biblioteca del Ateneo de Madrid | Biblioteca del Ateneo de Madrid | Depósito folletos | 17/01/2008 | 2083-F-27 | 1030698 | 23/02/2023 | 23/02/2023 | Folleto |
